| 000 | 00368nam a22001577a 4500 | ||
|---|---|---|---|
| 003 | SGT | ||
| 020 | _a978-0-85369-913-2 | ||
| 082 | _a615.19, M11G | ||
| 100 | _aGARG, SANJAY | ||
| 245 | _aMCQ'S IN PHARMACEUTICAL SCIENCE & TECHNOLOGY | ||
| 250 | _a1ST | ||
| 260 |
_aLONDON _bPHARMACEUTICAL PRESS _c2011 |
||
| 300 | _a272 | ||
| 650 | _aPHARMACEUTICAL | ||
| 942 |
_2ddc _cBK |
||
| 999 |
_c8148 _d8148 |
||